|
|
|
|
| LEADER |
00844nab a2200241 i 4500 |
| 001 |
acta16920 |
| 005 |
20220510152952.0 |
| 008 |
161015s2009 hu o 0|| eng d |
| 022 |
|
|
|a 0563-0614
|
| 040 |
|
|
|a SZTE Egyetemi Kiadványok Repozitórium
|b hun
|
| 041 |
|
|
|a eng
|
| 100 |
1 |
|
|a Kántor Noémi
|
| 245 |
1 |
0 |
|a Attendance of a green area in Szeged according to the thermal comfort conditions
|h [elektronikus dokumentum] /
|c Kántor Noémi
|
| 260 |
|
|
|c 2009
|
| 300 |
|
|
|a 57-66
|
| 490 |
0 |
|
|a Acta climatologica
|v 42-43
|
| 650 |
|
4 |
|a Természettudományok
|
| 650 |
|
4 |
|a Föld- és kapcsolódó környezettudományok
|
| 695 |
|
|
|a Tájökológia
|
| 700 |
0 |
1 |
|a Égerházi Lilla
|e aut
|
| 700 |
0 |
1 |
|a Gulyás Ágnes
|e aut
|
| 700 |
0 |
1 |
|a Unger János
|e aut
|
| 856 |
4 |
0 |
|u http://acta.bibl.u-szeged.hu/16920/1/climatologica_042_043_057-066.pdf
|z Dokumentum-elérés
|